[Event "Madrid ch Veteranos 2021"]
[Site "Madrid ESP"]
[Date "2021.04.16"]
[Round "9.4"]
[White "Pashov, Spas Nikolov"]
[Black "Marin Lopez, Jeronimo"]
[Result "1-0"]
[WhiteElo "1777"]
[BlackElo "1899"]
[PlyCount "87"]
[EventDate "2021.04.06"]
[EventType "swiss"]
[EventRounds "7"]
[EventCountry "ESP"]
[SourceTitle "Ajedrez en Madrid"]
[Source "lmi"]
[SourceDate "2021.04.06"]
[SourceVersion "1"]
[SourceVersionDate "2021.04.18"]
[SourceQuality "1"]

1. e4 d6 2. d4 Nf6 3. Nc3 g6 4. Be2 Bg7 5. Be3 O-O 6. Qd2 a5 7. Bh6 Nbd7 8. h4
e5 9. d5 Nc5 10. f3 Nh5 11. g4 Bxh6 12. Qxh6 Nf4 13. O-O-O Qf6 14. Nh3 Bd7 15.
Rdg1 Qg7 16. Qxg7+ Kxg7 17. Nxf4 exf4 18. Bb5 Rae8 19. Bxd7 Nxd7 20. Ne2 Ne5
21. Rh3 g5 22. hxg5 Ng6 23. Nd4 Rh8 24. Rgh1 c5 25. Nf5+ Kg8 26. Nxd6 Rb8 27.
a4 c4 28. Nxc4 b5 29. Nxa5 Ra8 30. b4 bxa4 31. Kb2 Ne5 32. c4 Nd3+ 33. Ka3 Nf2
34. Kxa4 Kg7 35. c5 Nxh3 36. Rxh3 f6 37. c6 fxg5 38. b5 h5 39. gxh5 g4 40. fxg4
Kf6 41. b6 Kg5 42. b7 Rae8 43. c7 Kxg4 44. Rc3 1-0

[Event "Madrid ch Veteranos 2021"]
[Site "Madrid ESP"]
[Date "2021.04.16"]
[Round "9.7"]
[White "Barahona Torrijos, Angel"]
[Black "Villodre Miranda, Juan Alonso"]
[Result "1-0"]
[WhiteElo "1817"]
[BlackElo "1572"]
[PlyCount "95"]
[EventDate "2021.04.06"]
[EventType "swiss"]
[EventRounds "7"]
[EventCountry "ESP"]
[SourceTitle "Ajedrez en Madrid"]
[Source "lmi"]
[SourceDate "2021.04.06"]
[SourceVersion "1"]
[SourceVersionDate "2021.04.18"]
[SourceQuality "1"]

1. e4 e5 2. Nf3 d6 3. Nc3 c5 4. Bc4 h6 5. Nd5 Nc6 6. c3 Nge7 7. d4 cxd4 8. cxd4
exd4 9. Nxd4 Nxd5 10. Bxd5 Nxd4 11. Qxd4 Qa5+ 12. b4 Qa6 13. Bc4 Qb6 14. Qxb6
axb6 15. Bd5 Rb8 16. a4 Be7 17. Be3 Bd8 18. O-O Be6 19. Rfd1 Bxd5 20. Rxd5 Bc7
21. Rc1 Kd7 22. f4 f6 23. e5 fxe5 24. fxe5 Ke6 25. Rb5 Rhc8 26. exd6 Bxd6 27.
Rxc8 Rxc8 28. Rxb6 Rc7 29. Bc5 Rc6 30. Rxc6 bxc6 31. Bxd6 Kxd6 32. Kf2 Kc7 33.
Ke3 Kb6 34. Kd4 g5 35. Ke5 c5 36. bxc5+ Kxc5 37. Kf5 Kb4 38. Kg6 g4 39. Kxh6
Kxa4 40. Kg5 Kb5 41. Kxg4 Kc6 42. Kf5 Kd7 43. Kf6 Ke8 44. g4 Kf8 45. g5 Kg8 46.
g6 Kf8 47. g7+ Kg8 48. h3 1-0

[Event "Madrid ch Veteranos 2021"]
[Site "Madrid ESP"]
[Date "2021.04.16"]
[Round "9.8"]
[White "Martinez Miura, Enrique"]
[Black "Garcia Sanz, Eduardo"]
[Result "0-1"]
[WhiteElo "1547"]
[BlackElo "1777"]
[PlyCount "42"]
[EventDate "2021.04.06"]
[EventType "swiss"]
[EventRounds "7"]
[EventCountry "ESP"]
[SourceTitle "Ajedrez en Madrid"]
[Source "lmi"]
[SourceDate "2021.04.06"]
[SourceVersion "1"]
[SourceVersionDate "2021.04.18"]
[SourceQuality "1"]

1. e4 c5 2. c4 Nc6 3. Nc3 e6 4. g3 Nge7 5. Bg2 g6 6. Nge2 Bg7 7. O-O O-O 8. d3
a6 9. Be3 Nd4 10. a4 Nec6 11. f4 Nxe2+ 12. Qxe2 d6 13. Bh3 Nd4 14. Qf2 f5 15.
Rab1 b5 16. axb5 axb5 17. Nxb5 Nxb5 18. cxb5 Ra2 19. e5 dxe5 20. Bxc5 exf4 21.
Bxf8 Bd4 0-1

[Event "Madrid ch Veteranos 2021"]
[Site "Madrid ESP"]
[Date "2021.04.16"]
[Round "9.9"]
[White "De Luna Butz, Alberto"]
[Black "Ghavami, Mahmoud"]
[Result "1/2-1/2"]
[WhiteElo "1689"]
[BlackElo "1552"]
[PlyCount "133"]
[EventDate "2021.04.06"]
[EventType "swiss"]
[EventRounds "7"]
[EventCountry "ESP"]
[SourceTitle "Ajedrez en Madrid"]
[Source "lmi"]
[SourceDate "2021.04.06"]
[SourceVersion "1"]
[SourceVersionDate "2021.04.18"]
[SourceQuality "1"]

1. c4 Nf6 2. Nc3 b6 3. e4 e6 4. d4 d6 5. Nf3 Nbd7 6. e5 Ng8 7. Bd3 Bb7 8. O-O
c5 9. Bg5 Be7 10. Bxe7 Qxe7 11. Nb5 dxe5 12. dxe5 Bc6 13. Nc7+ Kf8 14. Nxa8
Bxa8 15. Re1 g5 16. Be4 Bxe4 17. Rxe4 h5 18. Qd6 f5 19. Re2 g4 20. Nh4 Qxd6 21.
exd6 Kf7 22. Rae1 Rh6 23. g3 Rf6 24. f4 Nh6 25. Ng2 Ng8 26. a3 a5 27. b4 axb4
28. axb4 cxb4 29. Rb1 Rh6 30. Rxb4 Ngf6 31. Ra2 Kg6 32. Nh4+ Kf7 33. Ra7 Ke8
34. Ra8+ Kf7 35. Rd8 Rh7 36. Ra4 e5 37. Nxf5 exf4 38. gxf4 Ke6 39. Ne3 Kxd6 40.
Ra7 Ke7 41. Rc8 Kd6 42. Nf5+ Ke6 43. Nd4+ Kf7 44. f5 Ke7 45. Rc6 Ke8 46. Ra8+
Ke7 47. Ra7 Ke8 48. Ne6 Re7 49. Ra8+ Kf7 50. Kg2 Re8 51. Rxe8 Kxe8 52. Rc8+ Ke7
53. Rc7 Kd6 54. Rc8 Ke5 55. Ng7 Kf4 56. Rh8 Kg5 57. h3 Ne5 58. hxg4 hxg4 59.
Rc8 Nd3 60. Rc6 Ne5 61. Rxb6 Nxc4 62. Rb4 Ne3+ 63. Kg3 Nxf5+ 64. Nxf5 Kxf5 65.
Rf4+ Kg5 66. Rxf6 Kxf6 67. Kxg4 1/2-1/2

[Event "Madrid ch Veteranos 2021"]
[Site "Madrid ESP"]
[Date "2021.04.16"]
[Round "9.10"]
[White "Perez Pascual, Arturo"]
[Black "Penas Merino, Ramona"]
[Result "1-0"]
[WhiteElo "1742"]
[BlackElo "1434"]
[PlyCount "43"]
[EventDate "2021.04.06"]
[EventType "swiss"]
[EventRounds "7"]
[EventCountry "ESP"]
[SourceTitle "Ajedrez en Madrid"]
[Source "lmi"]
[SourceDate "2021.04.06"]
[SourceVersion "1"]
[SourceVersionDate "2021.04.18"]
[SourceQuality "1"]

1. e4 e6 2. d4 d5 3. Nd2 Nf6 4. e5 Nfd7 5. f4 c5 6. c3 Nc6 7. Ndf3 cxd4 8. Nxd4
Nxd4 9. cxd4 f6 10. Nf3 fxe5 11. fxe5 Bb4+ 12. Bd2 Bxd2+ 13. Qxd2 O-O 14. Bd3
h6 15. O-O Nb6 16. Bc2 Qe7 17. Qd3 g5 18. Nxg5 hxg5 19. Qg6+ Qg7 20. Rxf8+ Kxf8
21. Rf1+ Kg8 22. Qe8+ 1-0

[Event "Madrid ch Veteranos 2021"]
[Site "Madrid ESP"]
[Date "2021.04.16"]
[Round "9.11"]
[White "Martinez Martinez, Javier II"]
[Black "Salgado Duarte, Pablo"]
[Result "1-0"]
[WhiteElo "1585"]
[BlackElo "1472"]
[PlyCount "85"]
[EventDate "2021.04.06"]
[EventType "swiss"]
[EventRounds "7"]
[EventCountry "ESP"]
[SourceTitle "Ajedrez en Madrid"]
[Source "lmi"]
[SourceDate "2021.04.06"]
[SourceVersion "1"]
[SourceVersionDate "2021.04.18"]
[SourceQuality "1"]

1. d4 d5 2. Nf3 Nf6 3. e3 Nc6 4. c4 e6 5. Nc3 a6 6. Bd3 Be7 7. O-O O-O 8. a3 h6
9. Qc2 Kh8 10. c5 Bd7 11. b4 b6 12. Bb2 b5 13. Ne5 Nxe5 14. dxe5 Ne8 15. f4 c6
16. Ne2 f5 17. Nd4 a5 18. Qe2 Nc7 19. g4 axb4 20. axb4 Rxa1 21. Rxa1 Qc8 22.
Qg2 g5 23. Qh3 Kh7 24. gxf5 exf5 25. e6 Bxe6 26. Nxc6 Qd7 27. Nxe7 Qxe7 28. Be5
gxf4 29. exf4 Rg8+ 30. Kh1 Qf7 31. Ra7 Rc8 32. Rxc7 Rxc7 33. Bxc7 Qxc7 34.
Bxf5+ Bxf5 35. Qxf5+ Kg7 36. Qe5+ Qxe5 37. fxe5 d4 38. Kg2 Kf7 39. Kf3 Ke6 40.
Ke4 d3 41. Kxd3 Kxe5 42. Ke3 h5 43. Kf3 1-0

[Event "Madrid ch Veteranos 2021"]
[Site "Madrid ESP"]
[Date "2021.04.16"]
[Round "9.12"]
[White "Ramos Antona, Enrique"]
[Black "Perales Hernandez, Manuel"]
[Result "1-0"]
[WhiteElo "1471"]
[BlackElo "1337"]
[PlyCount "57"]
[EventDate "2021.04.06"]
[EventType "swiss"]
[EventRounds "7"]
[EventCountry "ESP"]
[SourceTitle "Ajedrez en Madrid"]
[Source "lmi"]
[SourceDate "2021.04.06"]
[SourceVersion "1"]
[SourceVersionDate "2021.04.18"]
[SourceQuality "1"]

1. d4 d5 2. Nf3 Nc6 3. e3 a6 4. g3 Nf6 5. Bg2 Bf5 6. a3 e6 7. O-O Bd6 8. Nbd2
O-O 9. Nh4 Ne7 10. Nxf5 Nxf5 11. Bh3 Ne7 12. c4 b6 13. b4 c5 14. bxc5 bxc5 15.
Bb2 Qc7 16. Rc1 Qb6 17. Rc2 Nc6 18. cxd5 Nxd5 19. Nc4 Qd8 20. Nxd6 Qxd6 21.
dxc5 Qe7 22. Qg4 e5 23. Qa4 Qf6 24. Bg2 Nde7 25. Rd1 Qe6 26. Rcd2 Rfd8 27. Rd6
Qc8 28. Rxd8+ Nxd8 29. Qe8# 1-0

[Event "Madrid ch Veteranos 2021"]
[Site "Madrid ESP"]
[Date "2021.04.16"]
[Round "9.13"]
[White "Menendez Domens, Juan Manuel"]
[Black "Millan Tabuenca, Agustin"]
[Result "1-0"]
[WhiteElo "1467"]
[BlackElo "1136"]
[PlyCount "47"]
[EventDate "2021.04.06"]
[EventType "swiss"]
[EventRounds "7"]
[EventCountry "ESP"]
[SourceTitle "Ajedrez en Madrid"]
[Source "lmi"]
[SourceDate "2021.04.06"]
[SourceVersion "1"]
[SourceVersionDate "2021.04.18"]
[SourceQuality "1"]

1. e4 c5 2. Nf3 Nc6 3. d4 cxd4 4. Nxd4 g6 5. Nxc6 bxc6 6. Qd4 Nf6 7. e5 Nh5 8.
e6 Bg7 9. exf7+ Kxf7 10. Bc4+ d5 11. Qc5 dxc4 12. Qxc6 Be6 13. O-O Bd5 14. Qb5
Nf4 15. Bxf4 Rb8 16. Bxb8 Rf8 17. Nc3 Bxc3 18. bxc3 e6 19. Bxa7 Qa8 20. Qd7+
Kg8 21. f3 h5 22. Rab1 Rf7 23. Rb8+ Kg7 24. Qxf7+ 1-0

[Event "Madrid ch Veteranos 2021"]
[Site "Madrid ESP"]
[Date "2021.04.16"]
[Round "9.15"]
[White "Urena Castellanos, Antonio"]
[Black "Garcia Granja, Jose"]
[Result "1-0"]
[WhiteElo "1621"]
[BlackElo "1041"]
[PlyCount "175"]
[EventDate "2021.04.06"]
[EventType "swiss"]
[EventRounds "7"]
[EventCountry "ESP"]
[SourceTitle "Ajedrez en Madrid"]
[Source "lmi"]
[SourceDate "2021.04.06"]
[SourceVersion "1"]
[SourceVersionDate "2021.04.18"]
[SourceQuality "1"]

1. d4 Nf6 2. c4 e6 3. Nc3 b6 4. Bg5 Be7 5. e4 Bb7 6. Bxf6 Bxf6 7. e5 Be7 8. Nf3
d5 9. cxd5 exd5 10. Bd3 O-O 11. h4 Nd7 12. Qc2 h6 13. O-O-O c5 14. Rde1 cxd4
15. Nxd4 Bxh4 16. e6 Bg5+ 17. Kb1 Nc5 18. exf7+ Rxf7 19. Bg6 Rf8 20. b4 Qf6 21.
bxc5 Qxd4 22. Ne2 Qb4+ 23. Qb3 Qxb3+ 24. axb3 Rxf2 25. Nd4 bxc5 26. Ne6 Rxg2
27. Nxc5 Bc6 28. Re6 Bb5 29. Rd6 Rd8 30. Re6 Re2 31. Rxe2 Bxe2 32. Ne6 Bd3+ 33.
Bxd3 Re8 34. Nc7 Rd8 35. Ne6 Rb8 36. Kc2 Bf6 37. Rb1 Kf7 38. Nf4 d4 39. Bc4+
Ke7 40. Re1+ Kd7 41. Ng6 a5 42. Ra1 Ra8 43. Kd3 Kd6 44. Nf4 g5 45. Ne2 Kc5 46.
Rh1 Bg7 47. Ng3 a4 48. Ne4+ Kb4 49. Rb1 a3 50. Ra1 g4 51. Nd2 h5 52. Ra2 Rf8
53. Nb1 Ra8 54. Ke4 g3 55. Kf3 Be5 56. Kg2 Rf8 57. Rxa3 Rf2+ 58. Kg1 Rb2 59.
Ra4+ Kc5 60. Ra5+ Kd6 61. Rd5+ Ke6 62. Na3 Kf5 63. Rd7 Ra2 64. Nb5 Ra1+ 65. Kg2
Ra2+ 66. Kg1 Ra1+ 67. Bf1 Rd1 68. b4 h4 69. Nc3 Re1 70. Ne2 Rd1 71. b5 h3 72.
Rh7 g2 73. Rf7+ Kg4 74. b6 Bh2+ 75. Kxh2 Rxf1 76. Rg7+ Kf3 77. Ng1+ Ke3 78.
Rg3+ Ke4 79. Rb3 d3 80. b7 d2 81. b8=Q d1=Q 82. Qe8+ Kf5 83. Qf7+ Ke5 84. Rb5+
Ke4 85. Qe6+ Kf4 86. Nxh3+ Kf3 87. Rf5+ Kg4 88. Qg6+ 1-0